| 000 | 01483nam a2200277 a 4500 | ||
|---|---|---|---|
| 001 | 72188 | ||
| 003 | BD-RjUL | ||
| 005 | 20211209082224.0 | ||
| 008 | 170514s1985 bg a|||| |||| 000 0 ben d | ||
| 020 | _c: Tk. 70.00 | ||
| 035 | _a(BD-RjUL)72404 | ||
| 040 |
_aBD-RjUL _bben _cBD-RjUL _dBD-RjUL |
||
| 041 | _aben | ||
| 082 |
_223 _a954.92 _bKHG 1985 |
||
| 100 |
_aখান, খান-সাহেব আবিদ আলী _9219080 |
||
| 245 | 1 | 0 |
_aগৌড় ও পাণ্ডুয়ার স্মৃতি=[Memories of Gaur and Panduya] / _cখান-সাহেব আবিদ আলী খান প্রণীত ; এইচ. ই. স্টেপলটন কর্তৃক সংশোধিত ও সম্পাদিত ; অনুবাদ ও সম্পাদনা: চৌধুরী শামসুর রহমান |
| 260 |
_aঢাকা : _bবাংলা একাডেমী, _c১৯৮৩ [১৩৯১বাং] |
||
| 300 |
_a১৯৯ পৃ. : _bচিত্র. ; _c২৫ সেমি. |
||
| 490 |
_aবাএ ; _v১৫৪৬ |
||
| 651 |
_aবাংলাদেশ _xইতিহাস _9213479 |
||
| 651 |
_aBangladesh _xHistory _9213480 |
||
| 700 |
_aস্টেপলটন, এইচ. ই. , সংশো. ও সম্পা. _9213481 |
||
| 700 |
_aরহমান, চৌধুরী শামসুর, অনুবাদক ও সম্পাদক _9213482 |
||
| 830 |
_aবাএ ; _v১৫৪৬ _9219081 |
||
| 942 |
_2ddc _cBK |
||
| 999 |
_c72188 _d72188 |
||